Matematické modelovanie výroby prírodných aróm v systéme dvoch membránových bioreaktorov diplomová práca

Gespeichert in:
Bibliographische Detailangaben
1. Verfasser: Vavro, Matej
Format: Buch
Sprache:Slowakisch
Veröffentlicht: Bratislava STU FCHPT 2019
Online-Zugang:Im OPAC anzeigen
Tags: Tag hinzufügen
Keine Tags, Fügen Sie das erste Tag hinzu!

MARC

LEADER 00000nam a2200000 a 4500
005 20260127134311.0
008 190619 2019 a 001 0 slo d
035 |a vtls011871984 
039 9 |y 201906191437  |z mschk03 
040 |a STUSCHK1  |b slo  |c STUSCHK1  |e AACR2 
100 1 |a Vavro, Matej 
245 1 |a Matematické modelovanie výroby prírodných aróm v systéme dvoch membránových bioreaktorov  |b diplomová práca  |c Matej Vavro 
260 |a Bratislava  |b STU FCHPT  |c 2019 
300 |a 90 s.  |b Obr., tab.  |c 25 cm 
500 |a Študijný program: chemické inžinierstvo 
500 |a Študijný odbor: chemické inžinierstvo 
500 |a Školiace pracovisko: Oddelenie chemického a biochemického inžinierstva 
500 |a Evid. číslo: FCHPT-5433-76896 
910 |a SCHK95 
999 |c 9205  |d 9205